banner-ar

القران الكريم : بالرسم العثمانى وبهامشه تفسير الامامين الجليلين مذيلا باسباب النزول للسيوطى / (Record no. 29468)

MARC details
000 -الفاتح
حقل البيانات ثابتة الطول 00826nam a2200181Ia 4500
005 - وقت وتاريخ اخر تعامل مع التسجيلة
رقم الضبط 20240530102044.0
008 - عناصر البيانات ثابتة الطول - معلومات عامة
حقل البيانات ثابتة الطول 140319s9999 xx 000 0 ara d
040 ## - مصدر الفهرسة
وكالة الفهرسة الأصلية GCL /
وكالة النسخ GCL
082 04 - رقم تصنيف ديوى العشرى
رقم التصنيف 220
رقم المادة س ق
100 1# - المدخل الرئيسى - إسم شخصى
الإسم الشخصى جلال الدين محمد بن احمد المحلى
245 10 - بيان العنوان
العنوان القران الكريم : بالرسم العثمانى وبهامشه تفسير الامامين الجليلين مذيلا باسباب النزول للسيوطى /
بيان المسئوليه,etc جلال الدين محمد بن احمد المحلى
300 ## - الوصف المادى
التعداد 830 ص
650 04 - المدخل الاضافى بالموضوع-مصطلح موضوعى
مصطلح موضوعي القران
700 1# - المدخل الاضافى - اسم شخصى
الإسم الشخصى السيوطى : جلال الدين ابوالفضل عبدالرحمن بن ابى بكر بن محمد الخضيرى
942 ## - عناصر المدخل الإضافي( كوها)
مصدر التصنيف او مخطط الترفيف Dewey Decimal Classification
Koha [default] item type كتاب
260 ## - PUBLICATION, DISTRIBUTION, ETC. (IMPRINT)
-- [S.N] :
-- دار الكتب العلمية للنشر والتوزيع
Holdings
حالة التراجع حالة الفقد حالة تلف ليس للاعارة المكان المؤقت الموقع الحالى تاريخ الاكتساب اجمالي اﻻعارات رقم الطلب الباركود تاريخ اخر مشاهدة تاريخ تفعيل السعر نوع وعاء كوها
        مكتبة القاهرة الكبرى مكتبة القاهرة الكبرى 03/26/2014   220\س ق 68328 03/26/2014 03/26/2014 كتاب

Powered By

EGPV